<?xml version="1.0" encoding="UTF-8"?><?xml-stylesheet type="text/xsl" href="static/style.xsl"?><OAI-PMH xmlns="http://www.openarchives.org/OAI/2.0/" xmlns:xsi="http://www.w3.org/2001/XMLSchema-instance" xsi:schemaLocation="http://www.openarchives.org/OAI/2.0/ http://www.openarchives.org/OAI/2.0/OAI-PMH.xsd"><responseDate>2026-04-13T07:17:07Z</responseDate><request verb="GetRecord" identifier="oai:www.recercat.cat:2445/161266" metadataPrefix="marc">https://recercat.cat/oai/request</request><GetRecord><record><header><identifier>oai:recercat.cat:2445/161266</identifier><datestamp>2025-11-20T14:19:04Z</datestamp><setSpec>com_2072_1057</setSpec><setSpec>col_2072_478917</setSpec><setSpec>col_2072_478927</setSpec></header><metadata><record xmlns="http://www.loc.gov/MARC21/slim" xmlns:dcterms="http://purl.org/dc/terms/" xmlns:xsi="http://www.w3.org/2001/XMLSchema-instance" xmlns:doc="http://www.lyncode.com/xoai" xsi:schemaLocation="http://www.loc.gov/MARC21/slim http://www.loc.gov/standards/marcxml/schema/MARC21slim.xsd">
   <leader>00925njm 22002777a 4500</leader>
   <datafield ind2=" " ind1=" " tag="042">
      <subfield code="a">dc</subfield>
   </datafield>
   <datafield ind2=" " ind1=" " tag="720">
      <subfield code="a">Pons Salvadó, Sílvia</subfield>
      <subfield code="e">author</subfield>
   </datafield>
   <datafield ind2=" " ind1=" " tag="720">
      <subfield code="a">Gargallo Albiol, Jordi</subfield>
      <subfield code="e">author</subfield>
   </datafield>
   <datafield ind2=" " ind1=" " tag="720">
      <subfield code="a">Berini Aytés, Leonardo</subfield>
      <subfield code="e">author</subfield>
   </datafield>
   <datafield ind2=" " ind1=" " tag="720">
      <subfield code="a">Gay Escoda, Cosme</subfield>
      <subfield code="e">author</subfield>
   </datafield>
   <datafield ind2=" " ind1=" " tag="260">
      <subfield code="c">2020-05-19T10:47:49Z</subfield>
   </datafield>
   <datafield ind2=" " ind1=" " tag="260">
      <subfield code="c">2020-05-19T10:47:49Z</subfield>
   </datafield>
   <datafield ind2=" " ind1=" " tag="260">
      <subfield code="c">2000-01</subfield>
   </datafield>
   <datafield ind2=" " ind1=" " tag="260">
      <subfield code="c">2020-05-19T10:47:49Z</subfield>
   </datafield>
   <datafield ind2=" " ind1=" " tag="520">
      <subfield code="a">El objetivo de eete estudio 'in vitro' fue valorar la microfiltración marginal de un compómero respecto a la amalgama de plata, empleados como materiales de obturación retrógrada. Para ello se utilizaron 70 dientes unirradiculares humanos a los que, una vez extraídos, se les practicó un tratamiento endodóncico y la apicectomía. Se dividieron lo dientes en grupo 1 formado por 30 dientes a los que se realizó una caja de obturación retrógrada con pieza de mano y microcabezal de cirugía Kavo® que se obturó con amalgama de plata in zinc non gamma-2; grupo 2 formado por 30 dientes a lo que se les practicó el mismo tratamiento, pero en est caso la obturación retrógrada se reaalizó con compómero (Dyract®); grupo 3 formado por 5 dientes a lo que no se realizó la cavidad retrógrada (control negativo); y grupo 4 formado por dientes a lo que e realizó cavidad retrógrada pero no se obturó con ningún material (control positivo). Se sumergieron lo dientes por su extremo apical, en un colorante (azul de metileno al 1 %) y e valoró la filtración marginal con microscopía óptica a 1,6 y 2,5 aumentos. Los resultados demostraron que el grupo de la amalgama de plata presentó una microfiltración significativamnte menor respecto a la de compómero (p&lt; 0,05). Como conclusión, la amalgama de plata consigue un mejor sellado que el compómero, utilizado como material de obturación retrógrada en condiciones 'in vitro'.</subfield>
   </datafield>
   <datafield tag="653" ind2=" " ind1=" ">
      <subfield code="a">Obturacions (Odontologia)</subfield>
   </datafield>
   <datafield tag="653" ind2=" " ind1=" ">
      <subfield code="a">Amalgames dentals</subfield>
   </datafield>
   <datafield tag="653" ind2=" " ind1=" ">
      <subfield code="a">Materials dentals</subfield>
   </datafield>
   <datafield tag="653" ind2=" " ind1=" ">
      <subfield code="a">Fillings (Dentistry)</subfield>
   </datafield>
   <datafield tag="653" ind2=" " ind1=" ">
      <subfield code="a">Dental amalgams</subfield>
   </datafield>
   <datafield tag="653" ind2=" " ind1=" ">
      <subfield code="a">Dental materials</subfield>
   </datafield>
   <datafield ind2="0" ind1="0" tag="245">
      <subfield code="a">Estudio in vitro de la filtración marginal del compómero y de la amalgama de plata utilizados como materiales de obturación retrógrada</subfield>
   </datafield>
</record></metadata></record></GetRecord></OAI-PMH>